<?xml version="1.0" encoding="UTF-8"?>
<record
    xmlns:xsi="http://www.w3.org/2001/XMLSchema-instance"
    xsi:schemaLocation="http://www.loc.gov/MARC21/slim http://www.loc.gov/standards/marcxml/schema/MARC21slim.xsd"
    xmlns="http://www.loc.gov/MARC21/slim">

  <leader>01300nam0a22002891  4500</leader>
  <controlfield tag="001">rc\4138068</controlfield>
  <controlfield tag="005">20260407143210.0</controlfield>
  <datafield tag="021" ind1=" " ind2=" ">
    <subfield code="a">RU</subfield>
    <subfield code="b">[48-13608]</subfield>
  </datafield>
  <datafield tag="035" ind1=" " ind2=" ">
    <subfield code="a">(NLR Aleph) 008161375</subfield>
  </datafield>
  <datafield tag="090" ind1=" " ind2=" ">
    <subfield code="a">7799811</subfield>
    <subfield code="c">7799811</subfield>
  </datafield>
  <datafield tag="100" ind1=" " ind2=" ">
    <subfield code="a">20130415d1948    |||y0rusy50      ca</subfield>
  </datafield>
  <datafield tag="101" ind1="0" ind2=" ">
    <subfield code="a">rus</subfield>
  </datafield>
  <datafield tag="102" ind1=" " ind2=" ">
    <subfield code="a">RU</subfield>
  </datafield>
  <datafield tag="105" ind1=" " ind2=" ">
    <subfield code="a">y   z   |||||</subfield>
  </datafield>
  <datafield tag="200" ind1="1" ind2=" ">
    <subfield code="a">&#x41D;&#x43E;&#x440;&#x43C;&#x44B; &#x43F;&#x440;&#x43E;&#x435;&#x43A;&#x442;&#x438;&#x440;&#x43E;&#x432;&#x430;&#x43D;&#x438;&#x44F; &#x441;&#x442;&#x430;&#x43B;&#x44C;&#x43D;&#x44B;&#x445; &#x43A;&#x43E;&#x43D;&#x441;&#x442;&#x440;&#x443;&#x43A;&#x446;&#x438;&#x439;</subfield>
    <subfield code="e">(&#x41F;&#x440;&#x43E;&#x435;&#x43A;&#x442;)</subfield>
    <subfield code="f">&#x421;&#x43E;&#x441;&#x442;. &#x426;&#x41D;&#x418;&#x41F;&#x421;</subfield>
  </datafield>
  <datafield tag="210" ind1=" " ind2=" ">
    <subfield code="a">&#x41C;&#x43E;&#x441;&#x43A;&#x432;&#x430;</subfield>
    <subfield code="c">&#x411;. &#x438;.</subfield>
    <subfield code="d">1948</subfield>
  </datafield>
  <datafield tag="215" ind1=" " ind2=" ">
    <subfield code="a">16 &#x43B;.</subfield>
    <subfield code="d">28</subfield>
  </datafield>
  <datafield tag="225" ind1="1" ind2=" ">
    <subfield code="a">&#x412;&#x441;&#x435;&#x441;&#x43E;&#x44E;&#x437;&#x43D;&#x43E;&#x435; &#x43D;&#x430;&#x443;&#x447;&#x43D;&#x43E;&#x435; &#x438;&#x43D;&#x436;&#x435;&#x43D;&#x435;&#x440;&#x43D;&#x43E;-&#x442;&#x435;&#x445;&#x43D;&#x438;&#x447;&#x435;&#x441;&#x43A;&#x43E;&#x435; &#x43E;&#x431;&#x449;&#x435;&#x441;&#x442;&#x432;&#x43E; &#x441;&#x442;&#x440;&#x43E;&#x438;&#x442;&#x435;&#x43B;&#x435;&#x439; "&#x412;&#x41D;&#x418;&#x422;&#x41E;&#x441;&#x442;&#x440;&#x43E;&#x438;&#x442;&#x435;&#x43B;&#x435;&#x439;". &#x41C;&#x430;&#x442;&#x435;&#x440;&#x438;&#x430;&#x43B;&#x44B; &#x434;&#x43B;&#x44F; &#x423;&#x440;&#x43E;&#x447;&#x43D;&#x43E;&#x433;&#x43E; &#x43F;&#x43E;&#x43B;&#x43E;&#x436;&#x435;&#x43D;&#x438;&#x44F;</subfield>
    <subfield code="v">&#x412;&#x44B;&#x43F;. 3</subfield>
  </datafield>
  <datafield tag="300" ind1=" " ind2=" ">
    <subfield code="a">&#x41D;&#x430;&#x43F;&#x435;&#x447;. &#x43D;&#x430; &#x440;&#x43E;&#x442;&#x430;&#x43F;&#x440;&#x438;&#x43D;&#x442;&#x435;</subfield>
  </datafield>
  <datafield tag="606" ind1=" " ind2=" ">
    <subfield code="a">&#x421;&#x442;&#x430;&#x43B;&#x44C;&#x43D;&#x44B;&#x435; &#x43A;&#x43E;&#x43D;&#x441;&#x442;&#x440;&#x443;&#x43A;&#x446;&#x438;&#x438;</subfield>
    <subfield code="x">&#x41F;&#x440;&#x43E;&#x435;&#x43A;&#x442;&#x438;&#x440;&#x43E;&#x432;&#x430;&#x43D;&#x438;&#x435;</subfield>
    <subfield code="j">&#x41D;&#x43E;&#x440;&#x43C;&#x44B;</subfield>
    <subfield code="2">psbo</subfield>
  </datafield>
  <datafield tag="606" ind1=" " ind2=" ">
    <subfield code="a">&#x421;&#x442;&#x430;&#x43B;&#x44C;&#x43D;&#x44B;&#x435; &#x43A;&#x43E;&#x43D;&#x441;&#x442;&#x440;&#x443;&#x43A;&#x446;&#x438;&#x438; &#x43F;&#x440;&#x43E;&#x43C;&#x44B;&#x448;&#x43B;&#x435;&#x43D;&#x43D;&#x44B;&#x445; &#x437;&#x434;&#x430;&#x43D;&#x438;&#x439;</subfield>
    <subfield code="x">&#x41F;&#x440;&#x43E;&#x435;&#x43A;&#x442;&#x438;&#x440;&#x43E;&#x432;&#x430;&#x43D;&#x438;&#x435;</subfield>
    <subfield code="j">&#x41D;&#x43E;&#x440;&#x43C;&#x44B;</subfield>
    <subfield code="2">psbo</subfield>
  </datafield>
  <datafield tag="712" ind1="0" ind2="2">
    <subfield code="a">&#x426;&#x41D;&#x418;&#x418; &#x43F;&#x440;&#x43E;&#x43C;&#x44B;&#x448;&#x43B;&#x435;&#x43D;&#x43D;&#x44B;&#x445; &#x441;&#x43E;&#x43E;&#x440;&#x443;&#x436;&#x435;&#x43D;&#x438;&#x439;</subfield>
    <subfield code="c">&#x41C;&#x43E;&#x441;&#x43A;&#x432;&#x430;</subfield>
    <subfield code="3">RU\NLR\AUTH\8810014876</subfield>
    <subfield code="9">527633</subfield>
  </datafield>
  <datafield tag="801" ind1=" " ind2="0">
    <subfield code="a">RU</subfield>
    <subfield code="b">NLR</subfield>
    <subfield code="g">psbo</subfield>
  </datafield>
  <datafield tag="801" ind1=" " ind2="1">
    <subfield code="a">RU</subfield>
    <subfield code="b">ELAR</subfield>
    <subfield code="2">rusmarc</subfield>
  </datafield>
  <datafield tag="852" ind1=" " ind2=" ">
    <subfield code="a">NLR</subfield>
    <subfield code="j">&#x41F;11/685</subfield>
  </datafield>
  <datafield tag="942" ind1=" " ind2=" ">
    <subfield code="c">BOOK</subfield>
  </datafield>
  <datafield tag="980" ind1=" " ind2=" ">
    <subfield code="a">NB</subfield>
  </datafield>
  <datafield tag="995" ind1=" " ind2=" ">
    <subfield code="5">2013-10-26</subfield>
    <subfield code="b">NLR01</subfield>
    <subfield code="c">NLR01</subfield>
    <subfield code="e">RJF</subfield>
    <subfield code="f">8161375-10</subfield>
    <subfield code="k">&#x41F;11/685</subfield>
    <subfield code="o">0</subfield>
    <subfield code="r">BOOK</subfield>
    <subfield code="s">11685_</subfield>
  </datafield>
</record>
